000 00707nam a2200253Ia 4500
003 OSt
005 20220928113234.0
006 a|||||r|||| 00| 0
007 ta
008 220927b |||||||| |||| 00| 0 eng d
024 _a58528
037 _cTextual
040 _aSDCL
_cSDCL
_beng
041 _2eng
_aeng
082 _aY48.237, L6
100 _aNarain Iqbal
_9390143
245 0 _aRural elite and elections in an Indian state
260 _aNew Delhi
_bNational Publishing
_c1976
300 _avi,188p
_ccm.
700 _a Lal Mohan
_9432108
700 _a Pande K C
_9399546
942 _hY48.237, L6
_cTEXL
_2CC
999 _c748674
_d748674